| 000 | 00675nam a22002297a 4500 | ||
|---|---|---|---|
| 999 |
_c59999 _d59999 |
||
| 005 | 20200220104431.0 | ||
| 008 | 200220b ||||| |||| 00| 0 eng d | ||
| 020 | _a978-2-212-67488-0 | ||
| 040 |
_aBUAC _cBUC |
||
| 041 | _aFre | ||
| 100 | _aBartmann, Eric | ||
| 245 |
_aLe Grand livre D"ARDUINO _c/ par Erik Bartmann |
||
| 250 | _a3è éd. | ||
| 260 |
_aParis : _bEditions Eyrolles, _c2018 |
||
| 300 |
_a503 p _bCouv. ill.en coul.: _c23 cm. |
||
| 500 | _aIndex. pp.( 499 - 503) | ||
| 630 | _aGENERALITE- CULTURE-SAVOIR | ||
| 650 | _aINFORMATIQUE | ||
| 651 | _aINTELLIGENCE ARTIFICIELLE | ||
| 651 | _aElectronique : montage : Robot (D'ARDUINO) | ||
| 942 |
_2ddc _cLBA |
||